UM Logo

The role of affect in the creation and intentional pursuit of entrepreneurial ideas / (Record no. 15810)

MARC details
000 -LEADER
fixed length control field 00836nam a2200193 4500
005 - DATE AND TIME OF LATEST TRANSACTION
control field 20260418135806.0
008 - FIXED-LENGTH DATA ELEMENTS--GENERAL INFORMATION
fixed length control field 201211b ||||| |||| 00| 0 eng d
022 ## - INTERNATIONAL STANDARD SERIAL NUMBER
International Standard Serial Number 10422587
082 ## - DEWEY DECIMAL CLASSIFICATION NUMBER
Classification number DPer 658.405 En86 2012 January-May 2012 v. 36 n. 1-3
100 ## - MAIN ENTRY--PERSONAL NAME
Personal name Hayton, James C.
9 (RLIN) 42649
245 ## - TITLE STATEMENT
Title The role of affect in the creation and intentional pursuit of entrepreneurial ideas /
Remainder of title
Statement of responsibility, etc. James C. Hayton and Magdalena Cholakova.
260 ## - PUBLICATION, DISTRIBUTION, ETC. (IMPRINT)
Place of publication, distribution, etc. Hoboken :
Name of publisher, distributor, etc. Wiley Subscription Services, Inc. ,
Date of publication, distribution, etc. January 2012.
300 ## - PHYSICAL DESCRIPTION
Extent Volume 36 pages 41-68 :
Other physical details illustrations ;
Dimensions 25 cm.
500 ## - GENERAL NOTE
General note Entrepreneurship Theory and Practice, vol. 36, no. 1, pages 41-68, January 2012.
650 ## - SUBJECT ADDED ENTRY--TOPICAL TERM
Topical term or geographic name as entry element Entrepreneurship.
General subdivision Ideas.
9 (RLIN) 42645
700 ## - ADDED ENTRY--PERSONAL NAME
Personal name Hayton, James C.
Relator term author.
9 (RLIN) 70024
700 ## - ADDED ENTRY--PERSONAL NAME
Personal name Cholakova, Magdalena.
Relator term author.
9 (RLIN) 70025
942 ## - ADDED ENTRY ELEMENTS (KOHA)
Source of classification or shelving scheme Dewey Decimal Classification
Koha item type Periodicals
Holdings
Withdrawn status Lost status Source of classification or shelving scheme Damaged status Not for loan Collection code Home library Current library Date acquired Total Checkouts Full call number Date last seen Price effective from Koha item type Public note
    Dewey Decimal Classification     Periodicals UM Digos College - LIC UM Digos College - LIC 12/11/2020   DPer 658.405 En86 2012 January-May 2012 v. 36 n. 1-3 12/11/2020 12/11/2020 Periodicals Periodical Article